000 01252nam a2200289 i 4500
001 bg
245 0 0 _aRozwój lokalny - zagospodarowanie przestrzenne i nisze atrakcyjności gospodarczej /
_cpod red. Jerzego J[ana] Paryska.
260 _aWarszawa :
_bWydaw. Naukowe PWN,
_c1995.
300 _a169, [3] s. :
_b3 mapy, 3 pl. ;
_c24 cm.
490 1 _aStudia / Polska Akademia Nauk. Komitet Przestrzennego Zagospodarowania Kraju,
_x0079-3493 [i. e. 0079-3507] ;
_vt. 104
500 _aW innych poz. nazwa red. : Jerzy Parysek.
504 _aBibliogr. s. 34-35, 60-62, 119-120.
650 9 _aGospodarka terenowa
_zPolska
_yod 1989 r.
650 9 _aPlanowanie przestrzenne
_zPolska
_yod 1989 r.
650 9 _aWzrost gospodarczy
_xpolityka
_xzagadnienia
_zPolska
_yod 1989 r.
651 9 _aPoznań
_xgospodarka
_yod 1989 r.
700 1 _aPARYSEK, Jerzy Jan.
_eRed.
710 0 _aKomitet Przestrzennego Zagospodarowania Kraju. Polska Akademia Nauk (Warszawa)
830 0 _aStudia (Polska Akademia Nauk. Komitet Przestrzennego Zagospodarowania Kraju) ;
_vt. 104
020 _a830112038X
040 _cBPK
041 0 _apl
080 _a338.22:711](438)"1989/..."
920 _a83-01-12038-X
942 _cKS
008 s pl f |000 0 pol
999 _c34161
_d34161
856 _uhttp://koha.tu.koszalin.pl/cgi-bin/koha/opac-detail.pl?biblionumber=34161
_yKatalog online BPK